LEADER 02405nam a2200385 u 4500 001 000000005477 003 CaOOAMICUS 005 20070226104751.0 008 940601m18531854it u000 u ita u 035 $a10141942 040 $aPUL(R)$bita 041 1 $aita$hfre 100 1 $aBergier, Nicolas-Sylvestre,$csac.,$d1718-1790.$0(OLS)http://pul/name/5668 240 10$aDictionnaire de théologie.$lItaliano.$0(OLS)http://pul/title/8019 245 10$aDizionario di teologia /$cdell'abate Nicola Silvestro Bergier con aggiunte tratte dai più celebri apologisti della religione per opera di mons. Gousset ... ; traduzione del sac. Carlo Gioachimo Questa. 250 $a2. ed. milanese riveduta ed accresciuta di nuovi articoli. 260 $aMilano :$bTurati,$c1853-1854. 300 $a4 v. ;$c24 cm 700 1 $aQuesta, Giocchimo.$0(OLS)http://pul/name/5669 850 $aPUL 852 $aPUL$W1$xDP1 Antico 800$y27$m61 A 32-35$j7655$nBK-PRI$b $qStampati Antico$B7655$CPULBib$Z2$F7655 $H $81 852 $aPUL$W1$xDP1 Antico 800$y27$m61 A 32-35$j7655$nBK-PRI$b $qStampati Antico$B7656$CPULBib$Z2$F7656 $H $81 852 $aPUL$W1$xDP1 Antico 800$y27$m61 A 32-35$j7655$nBK-PRI$b $qStampati Antico$B7657$CPULBib$Z2$F7657 $H $81 852 $aPUL$W1$xDP1 Antico 800$y27$m61 A 32-35$j7655$nBK-PRI$b $qStampati Antico$B7658$CPULBib$Z2$F7658 $H $81 852 $aPUL$W1$xDP1 Antico 800$y27$m437 G 1-4$j7659$nBK-PRI$b $qStampati Antico$B7659$CPULBib$Z2$F7659 $H $81 852 $aPUL$W1$xDP1 Antico 800$y27$m437 G 1-4$j7659$nBK-PRI$b $qStampati Antico$B7660$CPULBib$Z2$F7660 $H $81 852 $aPUL$W1$xDP1 Antico 800$y27$m437 G 1-4$j7659$nBK-PRI$b $qStampati Antico$B7661$CPULBib$Z2$F7661 $H $81 852 $aPUL$W1$xDP1 Antico 800$y27$m437 G 1-4$j7659$nBK-PRI$b $qStampati Antico$B7662$CPULBib$Z2$F7662 $H $81 941 1 $a15 961 $aINV: 54692-54695 961 $aINV: 54692-54695 961 $aINV: 54692-54695 961 $aINV: 54692-54695 996 $6245$aDizionario di teologia$9(OLS)http://pul/title/8020 996 $6260$aMilano :$bTurati$9(OLS)http://pul/publisher/50905 LEADER 01045nam a2200253 u 4500 001 000000069739 003 CaOOAMICUS 005 20070226121938.0 008 020418s1977 fr u000 u fre u 020 $a2227310209 035 $a10927111 040 $aPUL(R)$bita 100 1 $aLelong, Michel.$0(OLS)http://pul/name/25460 245 13$aLe don qu'il vous a fait :$btextes du Coran et de la Bible /$cLelong, Michel. 260 $a[s.l.] :$bLe Centurion,$cc1977. 300 $a280 p. ;$c23 cm 500 $aContiene indici. 650 4$aCristianesimo e altre religioni$xIslamismo.$0(OLS)http://pul/subject/1848 850 $aPUL 852 $aPUL$W1$xDP1 Cons. Gen., Altre Classi 1$y22$m780 I 34$j90295$nBK-PRI$b $qStampati$B90295$CPULBib$Z2$F90295 $H66839 $81 941 1 $a8 996 $6020$a2227310209$9(OLS)http://pul/number/90266 996 $6245$aLe don qu'il vous a fait :$btextes du Coran et de la Bible$9(OLS)http://pul/title/92052 996 $6260$a[s.l.] :$bLe Centurion$9(OLS)http://pul/publisher/72750